Canzoni di 22simba - Statistics

Statistiche generali
  • Questo quiz è stato fatto 14 volte
  • Il punteggio medio è 18 su 43
Statistiche sulle risposte
Album Anno Feat Risposta % Corretto
- 2025 Silent Bob 4 Zeri
100%
V per Ventidue 2025 Promessa, Flaco G Old Fashion
100%
Isolamento Di Gruppo 2024 Timon, Silent Bob 20 Anni
89%
V per Ventidue 2025 Massimo Pericolo Opel
89%
V per Ventidue 2025 Diss Gacha Speranza
89%
- 2025 - Fammi Un Sorriso
78%
V per Ventidue 2025 - Roccia
78%
- 2022 Niky Savage Spoiler
78%
V per Ventidue 2025 Blssd, Niky Savage SPOILER 2
78%
V per Ventidue 2025 - Tipo Tossico
78%
V per Ventidue 2025 - V per Ventidue
78%
V per Ventidue 2025 - No Retail
67%
Isolamento Di Gruppo 2024 Disme Regionale
67%
- 2021 - Per i Roiz
56%
V per Ventidue 2025 - Proteggimi
56%
Isolamento Di Gruppo 2024 - Stare Bene
56%
- 2022 - Ventidue
56%
Isolamento Di Gruppo 2024 - 22 (skit)
44%
Falene 2021 Nevia Falene
44%
Isolamento Di Gruppo 2024 - Non Siamo Voi
44%
- 2022 Nevia Per i Roiz 2
44%
V per Ventidue 2025 - Per i Roiz 3
44%
V per Ventidue 2025 Medy Primo Tour
44%
Isolamento Di Gruppo 2024 Icy Subzero Tonight
44%
Isolamento Di Gruppo 2024 - Ambizioni
33%
V per Ventidue 2025 Mr. Monkey Complicità
33%
- 2022 PRACI, Nevia Beautiful Morning
22%
Isolamento Di Gruppo 2024 Neza Io e Te
22%
Falene 2021 Nevia Ultimo Banco
22%
- 2021 Rich Polo Amore 1
11%
- 2024 Timon, Mr. Monkey Crash Test
11%
Falene 2021 Quantin, Nevia Cultura
11%
- 2021 Nevia Extraurbane
11%
Falene 2021 Nevia Fallimento/Successo
11%
- 2021 Nevia Meriti
11%
- 2023 - PROMESSO
11%
- 2022 - 70 Chiamate
0%
- 2023 - a noi
0%
- 2023 - Artista Di Strada
0%
Falene 2021 YaluDream, Rich Polo Beth Harmon
0%
Falene 2021 Nevia Dimmi Chi Sei
0%
- 2021 - Mama
0%
- 2022 YaluDream R&R
0%
Nessun quiz corrispondente trovato
Distribuzione punteggi
Percentuale di utenti per punteggio
Percentile per numero di risposta
I tuoi punteggi nel tempo
Non hai fatto questo quiz